000 01185nam a22002657a 4500
005 20240607135220.0
008 240607b mx ||||| |||| 00| 0 spa d
020 _a9786072801424
050 0 4 _aLC196
_bP63 2014
245 _aPoder, fe y pedagogía
_b : historias de maestras mexicanas y belgas
_c / Federico Lazarín Miranda, Luz Elena Galván Lafarga, Frank Simon (coordinadores)
250 _aPrimera edición
260 _aMéxico :
_bUniversidad Autónoma Metropolitana, Unidad Iztapalapa,
_c2014
300 _a304 páginas :
_bilustraciones ;
_c21 cm
490 0 _aBiblioteca de signos ;
_v69
650 7 _2lemb
_aPedagogía crítica
_zMéxico
650 7 _2lemb
_aPedagogía crítica
_zBélgica
650 7 _2lemb
_aEducación
_xAspectos políticos
_zMéxico
650 7 _2lemb
_aEducación
_xAspectos políticos
_zBélgica
650 7 _2lemb
_aEducación
_xAspectos religiosos
_zMéxico
650 7 _2lemb
_aEducación
_xAspectos religiosos
_zBélgica
700 1 _aLazarín Miranda, Federico,
_eeditor de la compilación
700 1 _aGalván Lafarga, Luz Elena,
_eeditor de la compilación
700 1 _aSimon, Frank,
_eeditor de la compilación
942 _2lcc
_cLIB
999 _c170379
_d170377